Análisis de riesgo de incendio en el Liceo Luis Doble Segreda y propuesta de mejoras en el inmueble para reducir el riesgo de incendio y cumplir con la ley 7600
Αποθηκεύτηκε σε:
| Κύριος συγγραφέας: | |
|---|---|
| Μορφή: | Βιβλίο |
| Έκδοση: |
[San José], Costa Rica
2010
|
| Θέματα: | |
| Ετικέτες: |
Προσθήκη ετικέτας
Δεν υπάρχουν, Καταχωρήστε ετικέτα πρώτοι!
|
MARC
| LEADER | 00000nam a2200000Ia 4500 | ||
|---|---|---|---|
| 003 | 010032 | ||
| 005 | 20221231144035.0 | ||
| 008 | 140114s2010 cr a 000 ||s d | ||
| 040 | |c cru CEDI | ||
| 090 | |a TFG 6203 | ||
| 100 | |a Mora Guevara, Adrián |9 2952 | ||
| 245 | |a Análisis de riesgo de incendio en el Liceo Luis Doble Segreda y propuesta de mejoras en el inmueble para reducir el riesgo de incendio y cumplir con la ley 7600 | ||
| 260 | |c 2010 |b [San José], Costa Rica | ||
| 500 | |a Proyecto de graduación (ingeniería civil)--Universidad de Costa Rica. Facultad de Ingeniería. Escuela de Ingeniería Civil | ||
| 650 | |x EVALUACION DE RIESGOS CONTRA INCENDIOS |x LICEO LUIS DOBLES SEGREDA (COSTA RICA) |x INCENDIOS Y PREVENCION DEL FUEGO |x INCENDIOS |x MEDIDAS DE SEGURIDAD |x PERCEPCION DE RIESGOS |x ARQUITECTURA Y PERSONAS CON DISCAPACIDADES |9 2953 | ||
| 942 | |c TFG | ||
| 999 | |c 16000 |d 16000 | ||
